000 00302nam a2200133Ia 4500
008 190216s9999||||xx |||||||||||||| ||und||
100 _aG.Ramesh Babu
245 0 _aFinancial Services In India
250 _a1st Ed.
260 _bConcept Pub
_c2005
300 _a587
650 _aCommerce
942 _cBK
999 _c8280
_d8280